000
00342 a2200169 4500
001
186852
020
_a
978-85-260-1651-4
040
_c
Magnum
100
_a
França, Mary
240
1
0
_a
Lindo rubi!
_l
por
245
1
0
_a
Lindo rubi!
300
_a
16
362
0
_a
2012
440
1
_a
Global
697
_a
LITERATURA INFANTIL
942
_c
BK
999
_c
186852
_d
186852